000 00314nam a2200133Ia 4500
008 250520s9999 xx 000 0 und d
020 _a9781842121399
100 _aLEWIS, BERNARD
245 4 _aTHE MIDDLE EAST
260 _bPHOENIX PAPERBACK, LONDON
_c1995
300 _a433
650 _aGeneral
942 _cBK
999 _c221539
_d221539